000
00185 a2200097 4500
001
20681
100
_a
G S I
245
_a
Popular sci
260
_a
_b
O G S I
_c
090
_c
14979
_d
14979
942
_a
NUST-CAE
_c
M
_c
5534
999
_c
255754
_d
255754